Регионална библиотека "Любен Каравелов" - Русе

Византийская любовная проза (Запис номер 457690)

MARC детайли
000 -Лидер
Контролно поле с фиксирана дължина nam a22 a 4500
003 - Код на организацията, давaща контролен номер
Контролно поле BLK
005 - Дата и час на последна редакция
Контролно поле 20220525144634.0
008 - Елементи от данни с фиксирана дължина
fixed length control field 200316b bul|||||r ||||||| ||bul||
040 ## - Източник на каталожния запис
Идентификатор на билиотеката - собственик на записа BLK
041 ## - Код за език
Код за езика на текст/звукозапис или на отделно заглавие Руски
Код за езика КДБФ Руски
080 ## - УДК
Текстов определител УДК Класическа гръцка литература. Старогръцка литература
УДК код - определител по УДК 821.142
УДК определител -3
УДК - код + определител 821.142-3
139 ## - Редно поле
Редна дума Византийская любовная проза
245 10 - Сведения за заглавието
Заглавие Византийская любовная проза
Редно поле (дума) пер. с греч., статья и примеч. С. В. Поляковой
260 ## - Област на издателските данни
Място на издаване, разпространение и проч. Москва
Име на издателя, разпространителя и проч. Наука
Година на издаване 1965
9 (RLIN) 400719
300 ## - Физическа характеристика
Страници 156 с.
Размери/Мащаб 22 см
380 ## - Жанр
Жанр Худож. лит.
490 ## - СЕРИИ (Колекции)
9 (RLIN) 207657
Име на серия Литературные памятники АН СССР
505 ## - Форматирана забележка
Заглавие Съдържа: Аристенет : Любовные письма; <br/>Макремволит, Евматий. Повесть об Исминии и Исмине.
700 ## - Други автори (авторска отговорност)
9 (RLIN) 378291
Лично име Полякова, С. В.
Автороска отговорност (Описва отношението между автора и произведението) пер., состав.
852 ## - Местоположение
Форматна сигнатура Цб 36329
Фондова буква Хранилище
856 4# - Електронен адрес и достъп
Електронен формат pdf - файл
Път до файла /url/
856 4# - Електронен адрес и достъп
Електронен формат pdf - файл
Път до файла /url/
999 ## - СИСТЕМНИ КОНТРОЛНИ НОМЕРА
Koha biblionumber 457690
Koha biblioitemnumber 457690
942 ## - АРТИКУЛИ
Вид на библиотечния материал Книги
Скрит в OPAC Не
Периодичен библиозапис Да
944 ## - СЪЗДАВАНЕ И РЕДАКЦИЯ на ЗАПИСА
Създаване/Редакция Създаване
Дата на регистрацията/редакция 2022-05-25
Служител, извършил регистрацията/редакцията нр
Наличности
Код за отписване Код за изгубен артикул Източник на класификационната схема Код за повреда Коз за рестрикции Код за отдаване Артикулен № Име на библиотеката - собственик Име на библиотеката, в която се намира в момента Статус (Текущо местоположение) Дата на вписване в системата Местоположение - отдел Цена в лева Инвентарен номер Систематично азбучна сигнатура Баркод Цена в евро Служебен тип на артикула
  Не е изгубен Universal Decimal Classification Не е повреден само за читалня ползва се в читалня 886919 Регионална библиотека "Любен Каравелов" Русе Регионална библиотека "Любен Каравелов" Русе Хранилище 2022-05-30 Хранилище 0.68 551/66 Цб 36329 900000096857 0.35 Книги
Vip Innovations Ltd, Rousse, Bulgaria 2025